00710nam a2200169 i 450000100060000000300090000600500170001500700030003200800410003510000400007624501830011626000290029930000370032885200320036599900170039795201260041420848ES-MaACL20230906152356.0t|021119s1961 sp ||||1| spa d1 aAlamillo Salgado, Ildefonso.91910110aMemoria elevada al Gobierno Nacional en la solemne apertura de los Tribunales el día 15 de septiembre de 1956 / cpor el fiscal del Tribunal Supremo Ildefonso Alamillo Salgado. aMadrid : bReus, c1961. a114 p. : b14 gráf. ; c25 cm. aES-MaACLjC-21256 bR.49816 c20848d20848 00104070aATENEOMbATENEOMcGaleríad2008-01-17eSCl0oC-21256p1021410r2023-02-23 00:00:00w2023-02-23yMONOGRAFIA